000 00484nam a22001817a 4500
003 OSt
005 20160429182441.0
008 160429b xxu||||| |||| 00| 0 eng d
020 _a034053186X
040 _cDDC.
082 _a581.1P.692 1991.
100 _4Edited bu Ridge,Irene;
245 _aPlant Physiology.
_bBiology:Forms and Function.
260 _aLondon.
_bOpen University Press.
_c1991.
300 _a372p;
_bill;
_c27cm.
650 _aPhysiology.
_9215
942 _2ddc
_cSLOAN
999 _c3830
_d3830